[Event "Internet Section 06B g/8'+2\""]
[Site "Dos Hermanas"]
[Date "2004.03.07"]
[Round "9"]
[White "Cobb, Carl"]
[Black "Burnes, Kim"]
[Result "0-1"]
[WhiteElo "1379"]
[BlackElo "1869"]
[PlyCount "80"]
[EventDate "2004.03.06"]
[EventType "swiss (blitz)"]
[EventRounds "9"]
[EventCountry "ESP"]
[SourceTitle "CBM 099 Extra"]
[Source "ChessBase"]
[SourceDate "2004.05.04"]
[SourceVersion "1"]
[SourceVersionDate "2004.05.04"]
[SourceQuality "1"]

1. c4 e5 2. d3 Nf6 3. Nc3 Bc5 4. Bd2 d5 5. cxd5 Nxd5 6. e3 0-0 7. Nf3 Nc6 8. Nxe5 Nxe5 9. d4 Bg4 10. Be2 Nd3+ 11. Kf1 Nxb2 12. Qe1 Bxe2+ 13. Qxe2 Bb6 14. Rb1 Nxc3 15. Bxc3 Na4 16. Bb4 Re8 17. Qc2 Qd7 18. Ke2 Qb5+ 19. Qd3 Qxd3+ 20. Kxd3 c5 21. dxc5 Bxc5 22. Bxc5 Nxc5+ 23. Ke2 b6 24. Rhd1 Rad8 25. Rxd8 Rxd8 26. Rc1 Kf8 27. Rc3 Ke7 28. Ra3 a5 29. Rc3 Rd6 30. Rc2 Ke6 31. Rd2 Rxd2+ 32. Kxd2 Ne4+ 33. Ke2 Nc3+ 34. Kd3 Nxa2 35. Kc4 Nc1 36. Kb5 Nd3 37. f3 Ne1 38. Kxb6 a4 39. Ka5 a3 40. Kb4 a2 0-1

[Event "Internet Section 06B g/8'+2\""]
[Site "Dos Hermanas"]
[Date "2004.03.06"]
[Round "2"]
[White "Burnes, Kim"]
[Black "Reinso, Sergio"]
[Result "1/2-1/2"]
[WhiteElo "1916"]
[BlackElo "2331"]
[PlyCount "106"]
[EventDate "2004.03.06"]
[EventType "swiss (blitz)"]
[EventRounds "9"]
[EventCountry "ESP"]
[SourceTitle "CBM 099 Extra"]
[Source "ChessBase"]
[SourceDate "2004.05.04"]
[SourceVersion "1"]
[SourceVersionDate "2004.05.04"]
[SourceQuality "1"]

1. e4 c5 2. Nf3 d6 3. Bb5+ Bd7 4. Bxd7+ Nxd7 5. 0-0 Ngf6 6. Re1 e6 7. b3 Be7 8. Bb2 0-0 9. d4 cxd4 10. Bxd4 Rc8 11. c4 Nc5 12. Nc3 a6 13. Qe2 Qa5 14. Rad1 b5 15. e5 dxe5 16. Nxe5 b4 17. Bxc5 Bxc5 18. Na4 Ba7 19. Nd7 Nxd7 20. Rxd7 Rc7 21. Red1 h6 22. Rd8 Rc8 23. R8d7 Rc7 24. Rd8 Rc8 25. R8d7 Bb8 26. g3 Rfd8 27. Qd3 Bc7 28. Qf3 Rf8 29. c5 Bb8 30. Qb7 Qb5 31. Qe4 a5 32. Rb7 Qc6 33. Qxc6 Rxc6 34. Rdd7 Be5 35. Kg2 f5 36. Rb5 Ra8 37. f4 Bf6 38. Nb6 Rb8 39. Rxa5 e5 40. Rd5 exf4 41. gxf4 g6 42. Nd7 Bd8 43. Ra7 Re6 44. Kf3 Rc8 45. Ne5 Bc7 46. Nc4 Bb8 47. Rb7 Re4 48. Nd6 Bxd6 49. cxd6 Rc3+ 50. Kf2 Rc2+ 51. Kf3 Rc3+ 52. Kf2 Rc2+ 53. Kf3 Rc3+ 1/2-1/2